000 01607nam a2200385 c 4500
003 BLK
005 20250115151913.0
008 180411b bul|||||r ||||||| ||bul||
010 _aKNG00211755000
020 _a978-954-09-0783-3
040 _aBLK
041 _aBUL
_cBUL
072 7 _2bullib
_aН8400
_xБългарска поезия Н
080 _aБългарска литература
_b821.163.2
_x-1(082.2)
_z821.163.2-1(082.2)
100 _aБагряна, Елисавета
_d1893-1991
_qБелчева, Елисавета Любомирова
_9364149
139 _aБагряна, Елисавета
_bБ 13
245 1 0 _aВечната и святата
_bАнтология
_cЕлисавета Багряна; подб., ред. и послесл. Иван Сарандев
257 _aBGR
260 _bЗахарий Стоянов
_c2013
_fСофия : Миг принт
_aСофия
300 _a247 с.
_c20 см
380 _aX
500 _aЕлисавета Багряна - псевд. на Елисавета Любомирова Белчева. - Офс. изд.
653 _aстихотворения
653 _aантологии
659 _aН
700 1 _aСарандев, Иван Атанасов
_9118951
700 _aБелчева, Елисавета Любомирова
_9269418
852 _aЦб 286894
856 4 _qpdf
856 4 _qpdf
942 _cKNG
_n0
_019
944 _aCR
_c29.08.2017
_lЦветомила Тодорова
_k30576
944 _aED
_c30.08.2017
_lф /
_kЛюдмила_Стоянова
999 _c202292
_d202292
999 _d202292